Airlines at BOM - Statistics

General Stats
  • This quiz has been taken 39 times
    32 since last reset
  • The average score is 56 of 105
Answer Stats
Hint Answer % Correct
A Air India
100%
K KLM
100%
A Aeroflot
93%
A Air China
93%
E Emirates
93%
J Japan Airlines
93%
L Lufthansa
93%
Q Qantas
93%
Q Qatar Airways
93%
S Saudia
93%
S Singapore Airlines
93%
T Thai Airways
93%
T Turkish Airlines
93%
A Air Canada
87%
A Air France
87%
B British Airways
87%
C China Eastern
87%
E EgyptAir
87%
E Ethiopian
87%
G Garuda Indonesia
87%
O Oman Air
87%
U United
87%
A ANA
80%
C China Airlines
80%
C China Southern
80%
D Delta Air Lines
80%
E Etihad Airways
80%
I Indigo
80%
K Kenya Airways
80%
M Malaysia Airlines
80%
V Vietnam Airlines
80%
G Gulf Air
73%
K Korean Air
73%
K Kuwait Airways
73%
V Vistara
73%
A Air Arabia
67%
A Air Asia X
67%
A Air New Zealand
67%
B Biman Bangladesh
67%
C Cathay Pacific
67%
E El Al
67%
F FlyDubai
67%
H Hainan AIrlines
67%
I Iberia
67%
I Iraqi Airways
67%
P Pakistan International Airlines
67%
S Srilankan
67%
V Virgin Atlantic
67%
A Air Mauritius
60%
E Eva Air
60%
F Finnair
60%
G GoAir
60%
I Iran Air
60%
N Nepal Airlines
60%
S SpiceJet
60%
A Asiana Airlines
53%
D Druk Air
53%
J Jet Airways
53%
L LOT Polish
53%
R Royal Air Maroc
53%
Y Yemenia
53%
A Air Astana
47%
A Alitalia
47%
B Brussels Airlines
47%
P Philippine Airlines
47%
A Air Seychelles
40%
F Flynas
40%
J Jazeera Airways
40%
S ScootAir
40%
S South African Airways
40%
U Uzbekistan Airways
40%
V Virgin Australia
40%
M Malindo Air
33%
T Thai Lion Air
33%
B Bangkok Airways
27%
B Bhutan Airlines
27%
F Fiji Airways
27%
R RwandAir
27%
S Shandong Airlines
27%
S Sichuan Airlines
27%
S Swiss Air
27%
T TAP Portugal
27%
T Thai Smile
27%
A Air Asia India
20%
B Beijing Capital Airlines
20%
S Shenzhen Airlines
20%
S Silk Air
20%
U Ural Airlines
20%
A Air Austral
13%
A Air Koryo
13%
L Lam Mozambique Airlines
13%
M Myanmar International Airlines
13%
S Star Air
13%
T Thai Air Asia
13%
T Trujet
13%
V Vueling
13%
A Air Asia Malaysia
7%
C Cathay Dragon
7%
I Indonesia Air Asia
7%
S SAS Scandinavian
7%
S Shanghai Airlines
7%
A Ariana Afghanistan
0%
P Philippines Air Asia
0%
T Thomas Cook Airlines
0%
V Virgin America
0%
No matching quizzes found
Score Distribution
Percent of People with Each Score
Percentile by Number Answered
Your Score History
You have not taken this quiz since the last reset